000 00638nam a2200241Ia 4500
003 OSt
005 20221007100322.0
006 a|||||r|||| 00| 0
007 ta
008 221006b |||||||| |||| 00| 0 eng d
024 _a4,236
037 _cTextual
040 _aLCO
_cLCO
_beng
041 _2eng
_aeng
082 _aX:95:(Z), L9
100 _aMATHUR I S
_9692230
245 0 _aA. S Misra's law and practice of character &..
260 _aLucknow
_bEastern book company
_c1979
300 _a326
650 _aCHARACTER &
_9701511
942 _hX:95:(Z), L9
_cTEXL
999 _c1173799
_d1173799